Rozpoznaj postacie z serialu Ranczo - Statystyki

Ogólne statystyki
  • Ten quiz został rozwiązany 600 razy
  • Średni wynik to 25 z 28
Statystyki odpowiedzi
Obrazkowy Odpowiedź % Poprawnych
Kusy
99%
Lucy Wilska
99%
Paweł Kozioł
99%
Piotr Kozioł
98%
Michałowa
97%
Maciej Solejuk
96%
Arkadiusz Czerepach
95%
Patryk Pietrek
94%
Kazimiera Solejuk
93%
Halina Kozioł
92%
Stanisław Japycz
91%
Stanisław Kotecki
90%
Fabian Duda
89%
Tadeusz Hadziuk
89%
Leokadia Czerepach
88%
Wioletka
87%
Klaudia Kozioł
86%
Mieczysław Wezół
86%
Celina Hadziuk
84%
Jolanta Pietrek
84%
Krystyna Więcławska
84%
Dorota Wezół
83%
Jan Japycz
83%
Ksiądz Maciej
83%
Tomasz Witebski
83%
Andrzej Więcławski
81%
Kinga
77%
Zielarka Zofia
72%
Nie znaleziono quizów pasujących do podanych kryteriów
Rozkład punktacji
Procent ludzi z każdym wynikiem
Percentyl według liczby udzielonych odpowiedzi
Twoja historia wyników
Nie rozwiązałeś tego quizu